| 000 | 00488nam a2200181Ia 4500 | ||
|---|---|---|---|
| 005 | 20250423100357.0 | ||
| 008 | 250422s9999 xx 000 0 und d | ||
| 020 | _a0-619-15934-0 | ||
| 050 | _aQA 76.64 .S27/ | ||
| 100 | _aE. Reed Doke | ||
| 245 | 0 | _aObject-Oriented Application Development Using Microsoft Visual Basic .NET | |
| 260 | _aSingapore | ||
| 260 | _bThomsos Course Technology | ||
| 260 | _c2003 | ||
| 300 | _a799 p | ||
| 650 | _aDeveloping (GUI) Classes | ||
| 942 | _cBK | ||
| 999 |
_c33125 _d33125 |
||